U.S. States With Most McDonald's - Statistics

General Stats
  • This quiz has been taken 87 times
  • The average score is 9 of 10
Answer Stats
Locations State % Correct
581 New York
99%
1,218 California
97%
868 Florida
97%
1,142 Texas
97%
610 Ohio
90%
647 Illinois
88%
468 North Carolina
84%
443 Georgia
83%
531 Michigan
81%
475 Pennsylvania
81%
No matching quizzes found
Score Distribution
Percent of People with Each Score
Percentile by Number Answered
Your Score History
You have not taken this quiz